000 01174cam a22003375i 4500
001 015668512
003 EG-ScBUE
005 20250707094134.0
008 101004t2012 maua f bd 001 0 eng d
020 _z9780321749833
020 _z0321749839
040 _aEG-ScBUE
_beng
_erda
_cEG-ScBUE
_dEG-ScBUE
082 0 4 _a540
_222
_bCHE
245 0 0 _aChemistry :
_bthe central science /
_cTheodore L. Brown, University of Illinois at Urbana-Champaign, [and four others]
250 _aTwelfth edition.
250 _aInternational edition.
264 1 _aBoston :
_bPrentice Hall,
_c[2012]
264 4 _cc2012
300 _a1 volume (various pagings) :
_billustrations (some color) ;
_c28 cm
336 _2rdacontent
_atext
_btxt
337 _aunmediated
_2rdamedia
_bn
338 _avolume
_bnc
_2rdacarrier
500 _aIncludes student access code card "Mastering chemistry".
500 _aIncludes glossary.
504 _aIncludes bibliographical references and index.
650 7 _aChemistry.
_2BUEsh
653 _bENGCHE
_cAugust2017
655 _vReading book
700 1 _aBrown, Theodore L.
_q(Theodore Lawrence),
_d1928-
_eauthor.
_939898
942 _2ddc
_cBB
999 _c25384
_d25356